| 000 | 00411 a2200169 4500 | ||
|---|---|---|---|
| 001 | 82514 | ||
| 020 | _a9780754615903 | ||
| 082 | _a658.702/HOB | ||
| 090 |
_c39945 _d39945 |
||
| 100 | _aJames Reason & Allan Hobbs | ||
| 245 |
_aManaging Maintenance Error reasons _hEnglish |
||
| 250 | _aIst | ||
| 260 |
_aUSA _bAshgate _c2011 |
||
| 300 | _axiv + 183 | ||
| 500 | _aReference Book | ||
| 518 | _a09-09-2011 | ||
| 942 |
_acae nust _k658.702/HOB |
||
| 999 |
_c317587 _d317587 |
||